00965cam a2200229 a 450000100100000000500170001000800410002701500100006804000300007808200170010810000420012524501110016726001020027830000340038049000810041465000540049565000320054965000110058165000300059270000300062283000830065200001324420200929163156.0790119s1977 sp ab 001 0 spa  aSp*** aDO-SdBNPbspacDLCdBNPHU a333.7bL864e1 aLópez de Sebastián, Joséd1937-10aEvaluación económica del impacto ambiental /cJosé López de Sebastián, José Gómez de Aguero. aMadrid, (España) :bCentro Internacional de Formación en Ciencias Ambientales,(CIFCA),c1977. a85 p. :bil., mapas ;c21 cm.1 aCuadernos del Centro Internacional de Formación en Ciencias Ambientalesv3 4aProtección del medio ambientezEspañaxCostos 4aÁreas de recreozEspaña 4aCostos 4aContaminación ambiental1 aGómez de Aguero, José 0aCuadernos del Centro Internacional de Formación en Ciencias Ambientales ;v3